El fiscal / (Record no. 8211)
[ view plain ]
| 000 -CABECERA | |
|---|---|
| campo de control de longitud fija | 00682cam a2200229 a 4500 |
| 001 - NÚMERO DE CONTROL | |
| campo de control | 000008440 |
| 005 - FECHA Y HORA DE LA ÚLTIMA TRANSACCIÓN | |
| campo de control | 20200929161337.0 |
| 008 - DATOS DE LONGITUD FIJA--INFORMACIÓN GENERAL | |
| campo de control de longitud fija | 940203s1993 sp 000 f spa |
| 020 ## - NÚMERO INTERNACIONAL ESTÁNDAR DEL LIBRO | |
| Número Internacional Estándar del Libro | 8420481297 |
| 040 ## - FUENTE DE LA CATALOGACIÓN | |
| Centro catalogador/agencia de origen | DO-SdBNP |
| Lengua de catalogación | spa |
| Centro/agencia transcriptor | BNPHU |
| 082 ## - NÚMERO DE LA CLASIFICACIÓN DECIMAL DEWEY | |
| Número de clasificación | Pa863.44 |
| Número de documento/Ítem | R628fi |
| 049 ## - FONDOS LOCALES (OCLC) | |
| Fondos de biblioteca | BNGR |
| 100 1# - ENTRADA PRINCIPAL--NOMBRE DE PERSONA | |
| Nombre de persona | Roa Bastos, Augusto, |
| Fechas asociadas al nombre | 1917-2005 |
| 9 (RLIN) | 15047 |
| 245 13 - MENCIÓN DE TÍTULO | |
| Título | El fiscal / |
| Mención de responsabilidad, etc. | Augusto Roa Bastos. |
| 260 ## - PUBLICACIÓN, DISTRIBUCIÓN, ETC. | |
| Lugar de publicación, distribución, etc. | Madrid : |
| Nombre del editor, distribuidor, etc. | Alfaguara, |
| Fecha de publicación, distribución, etc. | 1993. |
| 300 ## - DESCRIPCIÓN FÍSICA | |
| Extensión | 352 p. ; |
| Dimensiones | 22 cm. |
| 490 1# - MENCIÓN DE SERIE | |
| Mención de serie | Alfaguara hispánica |
| Designación de volumen o secuencia | 108 |
| 650 #4 - PUNTO DE ACCESO ADICIONAL DE MATERIA--TÉRMINO DE MATERIA | |
| Término de materia o nombre geográfico como elemento de entrada | Novela paraguaya |
| 9 (RLIN) | 15048 |
| 650 #4 - PUNTO DE ACCESO ADICIONAL DE MATERIA--TÉRMINO DE MATERIA | |
| Término de materia o nombre geográfico como elemento de entrada | Literatura paraguaya |
| 9 (RLIN) | 15641 |
| 830 #0 - PUNTO DE ACCESO ADICIONAL DE SERIE-TÍTULO UNIFORME | |
| Título uniforme | Alfaguara hispánica ; |
| Número de parte o sección de la obra | 108 |
| 9 (RLIN) | 22726 |
| 910 ## - DATOS DE OPCIÓN DEL USUARIO (OCLC) | |
| Datos de opción del usuario | Validado. Control de calidad MFF |
| Estado de retiro | Estado de pérdida | Restricciones de uso | No para préstamo | Código de colección | Localización permanente | Ubicación/localización actual | Ubicación en estantería | Fecha de adquisición | Número de inventario | Total de préstamos | Signatura topográfica completa | Código de barras | Fecha visto por última vez | Precio válido a partir de | Tipo de ítem Koha | Número de copia |
|---|---|---|---|---|---|---|---|---|---|---|---|---|---|---|---|---|
| Monografías: Libros y Folletos | General | General | Depósito | 16.09.2009 | LF1 | Pa863.44 R628fi | 8440-10 | 25.06.2020 | 25.06.2020 | Préstamo en sala | ||||||
| Extraviado | Préstamo restringido | Préstamo restrigido | Monografías: Libros y Folletos | General | General | Extraviado | 29.09.2009 | LF1 | Pa863.44 R628fi | 8440-20 | 25.06.2020 | 25.06.2020 | Préstamo en sala | e.2 |
